Caricamento...

Outline of Scottish history /

Dettagli Bibliografici
Autore principale: Mackenzie, Wm
Lingua:Undetermined
Pubblicazione: 1907
LEADER 00361nam a2200121Ia 4500
001 95730
008 170722s9999 xx 000 0 und d
100 |a Mackenzie, Wm 
245 |a Outline of Scottish history / 
260 |c 1907 
942 |c GEN 
999 |c 13960  |d 13960 
952 |0 1  |1 0  |4 0  |6 V_331_M3_D7  |7 0  |9 16441  |a LIB  |b LIB  |d 2017-08-12  |o V33:1.M3 D7  |p 21763  |r 2017-08-12  |w 2017-08-12  |y GEN